000 00619nam a2200217Ia 4500
003 OSt
005 20230616153256.0
008 210423s2014 xx 000 0 und d
020 _a978-81-8487-157-9
040 _cAL
041 _aeng
082 _a541.35
_223
_bVISP
100 _aVISWANATHAN (B);SCIBIOH (Aulice M)
_997161
245 _aPhotoelectrochemistry: principles and practices
260 _aNew Delhi
_bNarosa Publishing House
_c2014
300 _aix,202
_bPB
365 _b220
_cINR
650 _aPhotochemistry
_997162
906 _aPhotoelectrochemistry: ; practices ; principles
942 _2ddc
_cBK
999 _c170901
_d170901